Nové trendy evropského trhu neživotního pojištění

Významné zmeny na poistnom globálnom trhu. Pokles počtu obchodov sprostredkovaných maklérmi. Charakteristika modelu nízkonákladových operátorov, modelu silnej značky a distribučnej siete a modelu produktových špecialistov. Budovanie nových distribučných kanálov. Ponuka nových služieb klientom. Predp...

Descripción completa

Guardado en:
Detalles Bibliográficos
Autor principal: Pulchart, Vladimír
Formato: Capítulo de libro
Lenguaje:checo
Materias:
Etiquetas: Agregar Etiqueta
Sin Etiquetas, Sea el primero en etiquetar este registro!

MARC

LEADER 00000naa$a2200000$$$4500
001 0051648
005 20230927102702.8
041 0 |a cze 
044 |a CZ 
245 1 0 |a Nové trendy evropského trhu neživotního pojištění  |c Vladimír Pulchart 
520 |a Významné zmeny na poistnom globálnom trhu. Pokles počtu obchodov sprostredkovaných maklérmi. Charakteristika modelu nízkonákladových operátorov, modelu silnej značky a distribučnej siete a modelu produktových špecialistov. Budovanie nových distribučných kanálov. Ponuka nových služieb klientom. Predpoklad aktívneho risk managementu. 
610 2 0 |a klienti 
610 2 0 |a služby finančné 
610 2 0 |a modely 
610 2 0 |a distribúcia informácií 
610 2 0 |a makléri 
610 2 0 |a poistenie neživotné 
610 2 0 |a eurotrhy 
100 1 |a Pulchart, Vladimír